| 000 | 01223cam a2200361 a 4500 | ||
|---|---|---|---|
| 001 | 3807046 | ||
| 003 | OSt | ||
| 005 | 20140310181649.0 | ||
| 008 | 870401r19861982nyu j 000 1 eng | ||
| 010 | _a 85046040 | ||
| 020 |
_a0064401731 _c$2.95 |
||
| 040 |
_aDLC _cDLC _dDLC |
||
| 042 | _alcac | ||
| 050 | 0 | 0 |
_aPZ 7 _b.C187 1982 |
| 082 | 0 | 0 |
_aKF _bC15t 1982 |
| 100 | 1 |
_aCampbell, Barbara, _d1939- _95615 |
|
| 240 | 1 | 0 | _aGirl called Bob & a horse called Yoki |
| 245 | 1 | 0 |
_aTaking care of Yoki / _cBarbara Campbell. |
| 250 | _a1st Harper trophy ed. | ||
| 260 |
_aNew York, N.Y. : _bHarper & Row, _c1986, c1982. |
||
| 300 |
_a167 p. ; _c20 cm. |
||
| 500 | _a"First published by the Dial Press under the title: A girl called Bob & a horse called Yoki." | ||
| 500 | _a"A Harper trophy book." | ||
| 541 | _j1 | ||
| 562 | _e1 | ||
| 650 | 1 |
_aHorses _vFiction. _95616 |
|
| 650 | 1 |
_aWorld War, 1939-1945 _zUnited States _vFiction. _95617 |
|
| 650 | 1 |
_aAfrican Americans _vFiction. _95618 |
|
| 651 | 1 |
_aSaint Louis (Mo.) _vFiction. _95619 |
|
| 856 | 4 | 2 |
_3Publisher description _uhttp://www.loc.gov/catdir/description/hc043/85046040.html |
| 906 |
_a7 _bcbc _corignew _d2 _eocip _f19 _gy-gencatlg |
||
| 942 |
_2lcc _cBK-KF _kKF |
||
| 999 |
_c949 _d949 |
||